[Event "Manavgat Turkey Cup"]
[Site "Manavgat"]
[Date "2016.02.03"]
[Round "7"]
[White "Alyyev, Samyl"]
[Black "Koltuk, Turan"]
[Result "0-1"]
[WhiteElo "1584"]
[BlackElo "1857"]
[PlyCount "74"]
[EventDate "2016.01.30"]
[EventType "swiss"]
[EventRounds "11"]
[EventCountry "TUR"]
[SourceTitle "CBM 170 Extra"]
[Source "ChessBase"]
[SourceDate "2016.02.25"]
[SourceVersion "1"]
[SourceVersionDate "2016.02.25"]
[SourceQuality "1"]

1. e4 e6 2. d4 d5 3. Nd2 Nf6 4. e5 Nfd7 5. Bd3 c5 6. c3 Nc6 7. Ne2 g6 8. Nf3 Bg7 9. h4 h5 10. Bg5 Qb6 11. Qd2 cxd4 12. cxd4 Qb4 13. a3 Qxd2+ 14. Nxd2 a6 15. 0-0 0-0 16. Rac1 Re8 17. b4 Nb6 18. Nb3 Bf8 19. Nc5 Na7 20. Rc2 Nb5 21. Ra1 Bxc5 22. Rxc5 Na4 23. Bxb5 axb5 24. Rxb5 b6 25. Nc3 Nxc3 26. Rxb6 Bd7 27. Kf1 Bb5+ 28. Ke1 Bc4 29. f3 Reb8 30. Rxb8+ Rxb8 31. Be7 Ra8 32. Kd2 Nb5 33. a4 Nxd4 34. Bc5 Nb3+ 35. Kc3 Nxa1 36. b5 Rxa4 37. b6 Ba6 0-1